| 000 | 00368nam a22001337a 4500 | ||
|---|---|---|---|
| 020 | _a0-534-08850-3 | ||
| 082 | _a515.1 SEN'A | ||
| 100 |
_aSENTILLES, D _967643 |
||
| 245 | _aAPPLYING CALCULUS IN THE ECONOMIC AND LIFE SCIENCE | ||
| 260 |
_aCALIFORNIA _bWADSWORTH _c1989 |
||
| 300 | _aXIII, 703P | ||
| 650 |
_aBIOMATHEMATICS ECONOMATRICS CALCULUS _967644 |
||
| 942 | _cBK | ||
| 999 |
_c575373 _d575373 |
||